Surendranath Banerjea (Record no. 85783)
[ view plain ]
| 000 -LEADER | |
|---|---|
| fixed length control field | 00721nam a2200229 4500 |
| 001 - CONTROL NUMBER | |
| control field | sa 68014433 |
| 003 - CONTROL NUMBER IDENTIFIER | |
| control field | DLC |
| 005 - DATE AND TIME OF LATEST TRANSACTION | |
| control field | 20260227112631.0 |
| 008 - FIXED-LENGTH DATA ELEMENTS--GENERAL INFORMATION | |
| fixed length control field | 700203s1968 ii c b 00110beng |
| 010 ## - LIBRARY OF CONGRESS CONTROL NUMBER | |
| LC control number | sa 68014433 |
| 025 ## - OVERSEAS ACQUISITION NUMBER | |
| Overseas acquisition number | PL480:I-E-11105 |
| 050 0# - LIBRARY OF CONGRESS CALL NUMBER | |
| Classification number | DS479.1.B29 |
| Item number | B6 |
| 082 ## - DEWEY DECIMAL CLASSIFICATION NUMBER | |
| Classification number | 954.03/5/0924 |
| -- | B |
| 100 10 - MAIN ENTRY--PERSONAL NAME | |
| Personal name | Bose, Sunil Kumar, |
| Dates associated with a name | 1915- |
| 245 1# - TITLE STATEMENT | |
| Title | Surendranath Banerjea |
| Statement of responsibility, etc. | [by] S. K. Bose. |
| 260 0# - PUBLICATION, DISTRIBUTION, ETC. | |
| Place of publication, distribution, etc. | [New Delhi] |
| Name of publisher, distributor, etc. | Publications Division, Ministry of Information and Broadcasting, Govt. of India |
| Date of publication, distribution, etc. | [1968] |
| 300 ## - PHYSICAL DESCRIPTION | |
| Extent | 224 p. |
| Other physical details | port. |
| Dimensions | 19 cm. |
| 350 ## - PRICE (NR) (BK AM CF MU VM SE) [OBSOLETE] | |
| Price | 3.00 |
| 440 ## - SERIES STATEMENT/ADDED ENTRY--TITLE | |
| Title | Builders of modern India |
| 504 ## - BIBLIOGRAPHY, ETC. NOTE | |
| Bibliography, etc. note | Bibliography: p. [215]-218. |
| 600 10 - SUBJECT ADDED ENTRY--PERSONAL NAME | |
| Personal name | Banerjea, Surendranath, |
| Titles and other words associated with a name | Sir, |
| Dates associated with a name | 1848-1925. |
No items available.